000 00260nam a2200097Ia 4500
001 1208183
005 20250827022841.0
008 250824s9999 xx 000 0 und d
245 0 _aARAF ŞİİRLERİ
_cMÜŞTEHİR KARAKAYA
260 _bÇIRA EDEBİYAT YAYINLARI
999 _c1208183
_d1208183